| 000 | 00911nab a2200277 u 4500 | ||
|---|---|---|---|
| 001 | 10758 | ||
| 003 | HDC | ||
| 007 | cr bn ---aaaaa | ||
| 008 | 210205b2010mmddmy d||ne |||| 00| 0 may d | ||
| 040 | _aHDC | ||
| 100 |
_aAzman Ibrahim _98471 |
||
| 245 | 0 |
_aMalaysia jadi pusat halal Asia Barat / _cAzman Ibrahim dan Fairus Kassim |
|
| 260 |
_aMalaysia: _bMedia Mulia, _c2010 |
||
| 300 | _a1 online resource | ||
| 336 |
_atext _2rdacontent |
||
| 337 |
_acomputer _2rdamedia |
||
| 338 |
_aonline resource _2rdacarrier |
||
| 500 | _aSegment: Bisnes | ||
| 650 |
_aHalal industry _zMalaysia _9204 |
||
| 700 |
_aFairus Kassim _ejoint author _99430 |
||
| 710 | _aUtusan Malaysia | ||
| 856 | _zRequest full-text at [email protected] | ||
| 942 | _2lcc | ||
| 942 | _cNEWS | ||
| 942 | _kNWSC 000417 | ||
| 999 |
_c8081 _d8081 |
||